DEEP THINKING WHERE MACHINE INTELLIGENCE (Record no. 29489)
[ view plain ]
| 000 -LEADER | |
|---|---|
| fixed length control field | 00352nam a2200133Ia 4500 |
| 008 - FIXED-LENGTH DATA ELEMENTS--GENERAL INFORMATION | |
| fixed length control field | 240624s9999 xx 000 0 und d |
| 041 ## - LANGUAGE CODE | |
| Language code of text/sound track or separate title | eng |
| 082 ## - DEWEY DECIMAL CLASSIFICATION NUMBER | |
| Classification number | 006.3 KAS |
| 100 ## - MAIN ENTRY--PERSONAL NAME | |
| Personal name | KASPAROV GARRY |
| 245 ## - TITLE STATEMENT | |
| Title | DEEP THINKING WHERE MACHINE INTELLIGENCE |
| 260 ## - PUBLICATION, DISTRIBUTION, ETC. | |
| Date of publication, distribution, etc. | 2017 |
| Place of publication, distribution, etc. | United Kingdom |
| Name of publisher, distributor, etc. | John Murray |
| 300 ## - PHYSICAL DESCRIPTION | |
| Extent | vii, 287 p.; 23 cm. |
| 365 ## - TRADE PRICE | |
| Currency code | RS |
| Price amount | 30 |
| Withdrawn status | Lost status | Damaged status | Not for loan | Home library | Current library | Shelving location | Date acquired | Cost, normal purchase price | Full call number | Barcode | Date last seen | Copy number | Price effective from | Koha item type |
|---|---|---|---|---|---|---|---|---|---|---|---|---|---|---|
| IMTN | IMTN | Rack 3-B | 11/16/2017 | 599.00 | 006.3 KAS | 29489 | 06/24/2024 | 1 | 06/24/2024 | Books |